000 00451nam a22001817a 4500
003 CEME
005 20210628203116.0
008 210120b xxu||||| |||| 00| 0 eng d
020 _a969-8387-00-5
040 _c.
082 _a954.91042 BUT
100 _aButt, Monsoor Ahmed
_963356
245 _aQuaid-i-azam ka akhree doo saal
260 _aLAHORE
_bALI
_c2006
300 _a462P
650 _aBIOGRAPHY-QUAID-E-AZAM
_963357
942 _cBK
_2ddc
999 _c572208
_d572208